[Event "ICS rated bullet match"]
[Site "207.99.83.227"]
[Date "1999.05.19"]
[Round "?"]
[White "Hossa"]
[Black "rajah"]
[Result "1/2-1/2"]
[WhiteElo "2451"]
[BlackElo "2393"]
[PlyCount "90"]

1. e4 c5 2. Nf3 Nc6 3. d4 cxd4 4. Nxd4 Nf6 5. Nc3 e6 6. Bb5 Bb4 7. Nxc6 bxc6 8.
Bd3 Bxc3+ 9. bxc3 Qc7 10. O-O Qe5 11. Be3 Qxc3 12. Qe1 Qxe1 13. Raxe1 d6 14.
Bf4 e5 15. Bg5 Be6 16. f4 Nd7 17. fxe5 Nxe5 18. a4 f6 19. Bf4 O-O 20. Rb1 Rfb8
21. Be2 Rxb1 22. Rxb1 g5 23. Bg3 a5 24. Rb6 Bd7 25. Rb7 Be8 26. h4 h6 27. hxg5
hxg5 28. Kf2 Bg6 29. Ke3 Re8 30. Ra7 d5 31. exd5 cxd5 32. Kf2 Bxc2 33. Rxa5 d4
34. Bb5 Ng4+ 35. Kf1 Rc8 36. Bd7 Ne3+ 37. Kf2 Rc3 38. Bd6 Nd1+ 39. Kg1 d3 40.
Bf5 Rc6 41. Ra8+ Kg7 42. Ra7+ Kh8 43. Ra8+ Kg7 44. Ra7+ Kh8 45. Ra8+ 45... Kg7
{Game drawn by repetition} 1/2-1/2

[Event "ICS Rated blitz match"]
[Site "207.99.83.227"]
[Date "1999.05.19"]
[Round "?"]
[White "Hossa"]
[Black "rb"]
[Result "0-1"]
[WhiteElo "2401"]
[BlackElo "2240"]
[PlyCount "53"]

1. e4 e5 2. d4 exd4 3. c3 dxc3 4. Bc4 cxb2 5. Bxb2 Bb4+ 6. Kf1 Nf6 7. e5 Ne4 8.
Qg4 d5 9. Qxg7 Rf8 10. Bd3 Qh4 11. g3 Qh5 12. Kg2 a6 13. f3 Bc5 14. fxe4 dxe4
15. g4 Bxg4 16. Nd2 exd3 17. Rc1 Nd7 18. Ne4 Qf5 19. Nxc5 Nxc5 20. Rf1 Qe4+ 21.
Kg3 h5 22. Nf3 Bxf3 23. Rxf3 Ne6 24. Qxf8+ Kxf8 25. Rhf1 h4+ 26. Kf2 Ng5 27.
Ba3+ {Hossa resigns} 0-1

[Event "ICS Rated blitz match"]
[Site "207.99.83.227"]
[Date "1999.05.19"]
[Round "?"]
[White "Quaestor"]
[Black "Hossa"]
[Result "1-0"]
[WhiteElo "2729"]
[BlackElo "2378"]
[PlyCount "87"]

1. c4 c6 2. e4 d5 3. cxd5 cxd5 4. exd5 Nf6 5. Nc3 Nxd5 6. Nf3 Nxc3 7. bxc3 e6
8. d4 Qa5 9. Bd2 Ba3 10. Ne5 O-O 11. Nc4 Qa6 12. Rb1 b5 13. Ne5 Bd6 14. Bxb5
Qa5 15. Nc4 Qc7 16. Nxd6 Qxd6 17. Qg4 f5 18. Qg3 f4 19. Qf3 Qd5 20. Be2 Qxa2
21. O-O Qd5 22. c4 Qc6 23. Bxf4 Bb7 24. Rxb7 Qxf3 25. Bxf3 Rxf4 26. Rb3 Rxf3
27. Rxf3 Nc6 28. Rd3 a5 29. Re1 Nb4 30. Rb3 Nc2 31. Rd1 Rd8 32. Rbd3 a4 33.
R3d2 Na3 34. Rc1 Rb8 35. c5 Rb4 36. Rcd1 Nb5 37. f4 a3 38. f5 exf5 39. d5 Nc3
40. d6 Rb8 41. c6 a2 42. c7 Ra8 43. Rxa2 Rf8 44. d7 {Hossa resigns} 1-0

[Event "ICS Rated blitz match"]
[Site "207.99.83.227"]
[Date "1999.05.19"]
[Round "?"]
[White "rajah"]
[Black "Hossa"]
[Result "1-0"]
[WhiteElo "2535"]
[BlackElo "2374"]
[PlyCount "86"]

1. d4 Nf6 2. c4 e5 3. dxe5 Ng4 4. Qd4 d6 5. exd6 Bxd6 6. Qe4+ Qe7 7. Qxe7+ Bxe7
8. Bf4 Bf6 9. Nc3 Na6 10. Rc1 Be5 11. Nh3 O-O 12. f3 Bxf4 13. Nxf4 Ne3 14. Ncd5
Nxf1 15. Kxf1 Re8 16. Rd1 Be6 17. Nxe6 fxe6 18. Nc3 Re7 19. Kg1 Nb4 20. b3 Rf8
21. h4 Nc2 22. Rh3 a5 23. Ne4 e5 24. Rd2 Ne3 25. Rd3 Nc2 26. e3 Kf7 27. h5 g6
28. Nc5 b6 29. hxg6+ Kxg6 30. Ne4 Ref7 31. c5 b5 32. Rg3+ Kh6 33. Rd5 Re7 34.
c6 Nb4 35. Rxb5 Nxa2 36. Nf2 Rf5 37. Ng4+ Kh5 38. e4 Rg5 39. Nf6+ Kh6 40. Ng8+
Rxg8 41. Rxg8 Nb4 42. Rc5 Re6 43. Ra8 43... Nd3 {Hossa resigns} 1-0

[Event "ICS Unrated blitz match"]
[Site "207.99.83.227"]
[Date "1999.05.19"]
[Round "?"]
[White "Hossa"]
[Black "Z-master"]
[Result "1-0"]
[WhiteElo "2365"]
[BlackElo "1466"]
[PlyCount "41"]

1. c4 e5 2. Nc3 Bb4 3. Nd5 Bc5 4. Nf3 c6 5. Nc3 Bb4 6. Nxe5 Bxc3 7. dxc3 Qf6 8.
Nf3 Nh6 9. Bg5 Qg6 10. Qd2 f6 11. Bxh6 Qxh6 12. Qxh6 gxh6 13. e3 Na6 14. O-O-O
b5 15. cxb5 cxb5 16. Bxb5 O-O 17. Bc4+ Kh8 18. Bxa6 Bxa6 19. Rxd7 Rad8 20. Rxa7
Be2 21. Nd4 {Z-master resigns} 1-0

[Event "ICS Rated blitz match"]
[Site "207.99.83.227"]
[Date "1999.05.19"]
[Round "?"]
[White "rb"]
[Black "Hossa"]
[Result "0-1"]
[WhiteElo "2257"]
[BlackElo "2357"]
[PlyCount "168"]

1. e4 c5 2. Nf3 Nc6 3. d4 cxd4 4. Nxd4 Nf6 5. Nc3 e6 6. Bf4 Bb4 7. Nxc6 Bxc3+
8. bxc3 bxc6 9. Qd4 d5 10. exd5 exd5 11. Be2 O-O 12. O-O Re8 13. Bd3 Ne4 14. f3
c5 15. Qe3 Ng3 16. Qxc5 Nxf1 17. Rxf1 Qb6 18. Qxb6 axb6 19. Bb5 Re7 20. a4 Ba6
21. Rd1 Bxb5 22. axb5 Re2 23. Bd2 Rc8 24. Kf1 Re6 25. Be1 Rd6 26. Bg3 Rd7 27.
Be5 Rc5 28. Rb1 Rb7 29. Bd4 Rc8 30. Re1 Rd8 31. Re5 h6 32. Kf2 Kh7 33. Ke2 Rd6
34. Kd3 Rbd7 35. Re1 Rg6 36. g3 Rgd6 37. h4 Rg6 38. g4 Rgd6 39. Ra1 Rb7 40. h5
f6 41. Ra8 f5 42. gxf5 Rf7 43. f6 g6 44. Rc8 gxh5 45. Be5 Rdxf6 46. Bxf6 Rxf6
47. Rc6 Kg7 48. Kd4 h4 49. Rc7+ Rf7 50. Rc6 h3 51. Re6 Rxf3 52. Re2 Kf6 53.
Kxd5 Rxc3 54. Rh2 Kf5 55. Kd4 Rf3 56. Rh1 Kg4 57. c4 Rf5 58. Rg1+ Kh4 59. Rh1
Kg3 60. Ke4 Rf4+ 61. Ke5 Rxc4 62. Rg1+ Kh2 63. Rg6 Rc5+ 64. Kf4 Rxb5 65. Rxh6
Rb4+ 66. Kf3 b5 67. Rh7 Rb3+ 68. Kf2 b4 69. Rh8 Rb2+ 70. Kf3 Kg1 71. Rh7 Rf2+
72. Ke4 h2 73. Rg7+ Rg2 74. Ra7 h1=Q 75. Ra1+ Kh2 76. Rxh1+ Kxh1 77. Kd5 b3 78.
Kd4 b2 79. Kc4 Rg5 80. Kc3 b1=Q 81. Kd4 Qb3 82. Ke4 Kg2 83. Kd4 Kf2 84. Ke4
84... Qe3# {rb checkmated} 0-1

[Event "ICS Rated blitz match"]
[Site "207.99.83.227"]
[Date "1999.05.19"]
[Round "?"]
[White "Hossa"]
[Black "rajah"]
[Result "1-0"]
[WhiteElo "2369"]
[BlackElo "2552"]
[PlyCount "115"]

1. d4 e6 2. e4 d5 3. Nd2 c5 4. Ngf3 cxd4 5. Nxd4 dxe4 6. Nxe4 Nf6 7. Bb5+ Bd7
8. Nxf6+ Qxf6 9. O-O Be7 10. Bxd7+ Nxd7 11. Nb5 Qe5 12. a4 Nc5 13. Re1 Qb8 14.
b4 Nd7 15. Qg4 Nf6 16. Qxg7 Rg8 17. Qh6 Rg6 18. Qf4 Nd5 19. Qxb8+ Rxb8 20. Nxa7
Bxb4 21. Re4 Rd8 22. Bb2 Bc3 23. Bxc3 Nxc3 24. Rc4 Nd5 25. a5 e5 26. Re4 f6 27.
Rd1 h5 28. Nb5 Nf4 29. Rxd8+ Kxd8 30. g3 h4 31. Kf1 hxg3 32. hxg3 Ne6 33. Ra4
Rg7 34. a6 bxa6 35. Rxa6 Nc7 36. Rd6+ Rd7 37. Rxd7+ Kxd7 38. Nxc7 Kxc7 39. Ke2
Kd6 40. g4 Kc5 41. Ke3 Kc6 42. Ke4 Kb5 43. g5 fxg5 44. Kxe5 Kc4 45. f3 Kc3 46.
Kf5 Kc4 47. Kxg5 Kc3 48. f4 Kc4 49. f5 Kd5 50. f6 Kd4 51. f7 Kd5 52. f8=Q Kc6
53. Qb4 Kc7 54. Qb5 Kd6 55. Kf6 Kc7 56. Ke7 Kc8 57. Kd6 Kd8 58. Qb8# {
rajah checkmated} 1-0

[Event "ICS Rated blitz match"]
[Site "207.99.83.227"]
[Date "1999.05.19"]
[Round "?"]
[White "rajah"]
[Black "Hossa"]
[Result "1-0"]
[WhiteElo "2528"]
[BlackElo "2393"]
[PlyCount "101"]

1. d4 d5 2. c4 dxc4 3. Nf3 f5 4. Na3 c3 5. bxc3 Nf6 6. e3 c6 7. Bd3 Ne4 8. Bxe4
fxe4 9. Ne5 Qd6 10. Qc2 Nd7 11. Qxe4 Nxe5 12. dxe5 Qe6 13. O-O g6 14. Bb2 Bg7
15. c4 O-O 16. Qd4 Qg4 17. Rab1 Qg5 18. h4 Qh5 19. f3 g5 20. hxg5 Qxg5 21. Rf2
Bh3 22. f4 Qg3 23. Rd1 e6 24. Nc2 b5 25. cxb5 cxb5 26. Rdd2 Bg4 27. Rd3 Qh4 28.
Rfd2 Qg3 29. Qc5 a6 30. Qe7 Rae8 31. Qb7 Ra8 32. Rd7 Bh5 33. Re7 Rae8 34. Rxe8
Rxe8 35. Qxa6 Bg4 36. Qxb5 Ra8 37. Qb7 Rf8 38. Rd7 Be2 39. a4 Bh5 40. Ba3 Re8
41. a5 h6 42. a6 Qg6 43. a7 Kh7 44. Bd6 Bf3 45. Qxf3 Qxc2 46. Qg4 Qb1+ 47. Kh2
Qg6 48. Qxg6+ Kxg6 49. Bb8 h5 50. a8=Q Kh6 51. Qc6 {Hossa resigns} 1-0

[Event "ICS Rated blitz match"]
[Site "207.99.83.227"]
[Date "1999.05.19"]
[Round "?"]
[White "Hossa"]
[Black "MoonShot"]
[Result "0-1"]
[WhiteElo "2411"]
[BlackElo "2682"]
[PlyCount "135"]

1. Nf3 d5 2. b3 c5 3. e3 Nf6 4. Bb2 e6 5. Bb5+ Nbd7 6. O-O Bd6 7. d4 O-O 8.
Nbd2 cxd4 9. exd4 Nb6 10. Bd3 Nh5 11. g3 Nf6 12. c4 dxc4 13. bxc4 Bc7 14. Qc2
Bd7 15. a4 Bc6 16. Ng5 Qd7 17. Bxh7+ Kh8 18. Nde4 Bxa4 19. Qe2 Bd8 20. Nc5 Qc7
21. Bd3 Be8 22. Rfe1 Be7 23. Ncxe6 fxe6 24. Nxe6 Qd7 25. Nxg7 Bb4 26. Ne6 Bh5
27. Nxf8 Rxf8 28. Qe3 Bxe1 29. Rxe1 Qg7 30. d5 Bg6 31. Bf1 Bf5 32. Bd4 Nc8 33.
f3 Kg8 34. Kh1 Qg6 35. Bxf6 Qxf6 36. Bg2 Nb6 37. Rc1 Bd7 38. Qf2 Re8 39. f4 Bg4
40. Qa2 Re2 41. Qb3 Qd4 42. Qb1 Kf8 43. Qb4+ Kg7 44. h3 Qf2 45. Qc3+ Kf7 46.
Rg1 Bxh3 47. Qf3 Bxg2+ 48. Qxg2 Qxg2+ 49. Rxg2 Rxg2 50. Kxg2 a5 51. c5 Nxd5 52.
Kf3 a4 53. Ke4 Nxf4 54. Kd4 Ne6+ 55. Kc3 Nxc5 56. Kb2 b5 57. Ka3 Nd3 58. Ka2 b4
59. Kb1 b3 60. Ka1 a3 61. Kb1 Nc5 62. Kc1 Na4 63. Kd2 a2 64. Ke3 b2 65. Kf3
a1=Q 66. Kf4 b1=Q 67. g4 Qf6+ 68. Kg3 {Hossa resigns} 0-1

[Event "ICS Rated blitz match"]
[Site "207.99.83.227"]
[Date "1999.05.19"]
[Round "?"]
[White "ComputoJon"]
[Black "Hossa"]
[Result "0-1"]
[WhiteElo "2335"]
[BlackElo "2405"]
[PlyCount "66"]

1. e4 c5 2. c3 d5 3. exd5 Nf6 4. d4 Qxd5 5. Nf3 Bg4 6. Be2 e6 7. O-O Nc6 8. h3
Bh5 9. Be3 O-O-O 10. dxc5 Bxc5 11. Qxd5 Rxd5 12. Bc4 Bxe3 13. Bxd5 Nxd5 14.
fxe3 Nxe3 15. Rc1 Bxf3 16. gxf3 Ne5 17. Kf2 N3c4 18. Rg1 Nd3+ 19. Ke2 Nf4+ 20.
Kd1 Rd8+ 21. Kc2 Ne3+ 22. Kb3 Nf5 23. Na3 Rd3 24. Rad1 Rxf3 25. Nb5 Nxh3 26.
Rg2 a6 27. Nd6+ Nxd6 28. Rxd6 g6 29. Rgd2 Ng5 30. Rd8+ Kc7 31. R2d7+ Kc6 32.
Kb4 Ne4 33. Rxf7 33... Rxf7 {ComputoJon resigns} 0-1

[Event "ICS Rated blitz match"]
[Site "207.99.83.227"]
[Date "1999.05.19"]
[Round "?"]
[White "Hossa"]
[Black "Quaestor"]
[Result "0-1"]
[WhiteElo "2418"]
[BlackElo "2642"]
[Annotator "Fritz 5.32 (22s)"]
[PlyCount "111"]

1. d4 1... d5 {Opening = D35 - 3.Nc3 Nf6(4.cd5 ed5 5.Bg5 c6 6.---)} 2. c4 e6 3.
cxd5 exd5 4. Nc3 Nf6 5. Nf3 c6 6. e3 Bd6 (6... Be7 7. Qc2 O-O 8. Bd3 Nbd7 9.
O-O Re8 10. Bf5 Nf8 11. Bxc8 11... Rxc8 {
- Farago,S-Le Thi Phuong Lien/FSIMA Nov, Budapest HUN 1997 (11)}) 7. Be2 7...
O-O $146 (7... Nbd7 8. O-O O-O 9. a3 a5 10. Bd3 Re8 11. Qc2 Nf8 12. h3 Bc7 13.
e4 dxe4 14. Nxe4 Nxe4 15. Bxe4 h6 16. d5 cxd5 17. Bxd5 Qxd5 18. Qxc7 Be6 19.
Be3 Rac8 20. Qg3 Ng6 21. Rad1 Qh5 22. Rd2 {
Jahn Gudula-Heinig Wolfram/Ch DDR (w), Eilenburg (Germany) (9) 1984/ - (34)})
8. O-O Bg4 9. Bd2 Nbd7 10. Rc1 Re8 11. h3 Bxf3 12. Bxf3 Qe7 13. a3 {
Verwehrt dem Gegner b4} 13... Qe6 14. Re1 Qf5 15. Qc2 Qxc2 16. Rxc2 Re6 17. e4
(17. Bc1 17... Re7 $11) 17... dxe4 18. Nxe4 Nxe4 19. Rxe4 ({Schlechter scheint
} 19. Bxe4 19... Rae8 20. f3 20... Nf6 $17) 19... Rxe4 20. Bxe4 Nf6 21. Bf3 Re8
22. b4 Kf8 23. h4 23... Ne4 {Nun geraet Weiss unter starken Druck.} 24. Be3 f5
25. Re2 (25. h5 25... Kf7 $11) 25... Nc3 26. Rc2 Nb5 27. Bxc6 $2 $19 (27. d5 $5
$142 27... Nxa3 28. Rc1 cxd5 29. Bxd5 Bxb4 30. Bxb7 $17) 27... bxc6 28. Rxc6 f4
29. a4 (29. Bd2 Re2 30. a4 Rxd2 31. axb5 Rd1+ 32. Kh2 32... Rxd4 $19) 29...
fxe3 {Es droht Matt} 30. fxe3 30... Rxe3 {Schwarz plant Bg3} 31. axb5 31... Bg3
{Droht Matt: Re1} 32. Rc8+ Kf7 33. Rc1 Bxh4 34. Rc7+ Re7 35. Rc3 Bf6 36. Rc4
Rd7 (36... Ke6 {laesst dem Gegner kaum Chancen} 37. Kf2 $19) 37. Kf2 Bxd4+ 38.
Kf3 Ke6 39. Ke4 Bb6 40. g4 (40. Rc6+ {macht keinen grossen Unterschied} 40...
Rd6 $19) 40... Kf6 41. Rc3 (41. Kf4 {aendert den traurigen Lauf der Dinge nicht
} 41... Rd4+ 42. Rxd4 Bxd4 43. g5+ 43... Kg6 $19) 41... Rd4+ 42. Kf3 Kg5 43.
Rc8 (43. Rb3 {holt die Kuh nicht vom Eis} 43... g6 $19) 43... Rf4+ 44. Ke2 Rxg4
45. Rc3 Re4+ 46. Kf3 (46. Kf1 {waere gleichermassen fruchtlos} 46... Rxb4 47.
Rg3+ 47... Rg4 $19) 46... Rxb4 47. Rc8 (47. Rd3 {
aendert nichts am Ausgang der Partie} 47... Rxb5 48. Rd7 Rb3+ 49. Ke2 49... Kh6
$19) 47... g6 48. Rh8 h6 49. Rf8 Rxb5 50. Rg8 Re5 51. Kg2 Re3 52. Rg7 a5 53.
Rg8 (53. Rd7 {nuetzt auch nichts mehr} 53... Rb3 $19) 53... a4 54. Kf1 (54. Rb8
{hilft auch nicht mehr} 54... Rb3 $19) 54... Rf3+ (54... a3 $142 {
liesse Weiss keine Chance} 55. Kg2 Re7 56. Ra8 $19) 55. Ke2 (55. Ke1 {
aendert nichts am Ausgang der Partie} 55... a3 56. Ra8 56... Kf4 $19) 55...
Rf2+ 56. Kd3 0-1

[Event "ICS Rated blitz match"]
[Site "207.99.83.227"]
[Date "1999.05.19"]
[Round "?"]
[White "rb"]
[Black "Hossa"]
[Result "1/2-1/2"]
[WhiteElo "2243"]
[BlackElo "2411"]
[PlyCount "76"]

1. e4 e5 2. Nf3 d5 3. Nxe5 dxe4 4. Bc4 Nh6 5. Qh5 Qe7 6. d4 g6 7. Qe2 f6 8.
Bxh6 fxe5 9. Bxf8 Rxf8 10. dxe5 Qg5 11. O-O Bg4 12. Qe3 Qxe3 13. fxe3 Rxf1+ 14.
Bxf1 Bf5 15. Nc3 Nd7 16. Nb5 O-O-O 17. Nxa7+ Kb8 18. e6 Kxa7 19. exd7 Rxd7 20.
c4 Rd2 21. b4 Be6 22. c5 Rxa2 23. Rxa2+ Bxa2 24. Kf2 Be6 25. g3 b6 26. c6 b5
27. Bxb5 Kb6 28. Ba4 Bd5 29. Ke1 Bxc6 30. Bxc6 Kxc6 31. Kd2 Kb5 32. Kc3 g5 33.
g4 c6 34. Kb3 Ka6 35. Kc3 Kb5 36. Kb3 Ka6 37. Kc3 Kb5 38. Kb3 38... Ka6 {
Game drawn by repetition} 1/2-1/2

[Event "ICS Rated blitz match"]
[Site "207.99.83.227"]
[Date "1999.05.19"]
[Round "?"]
[White "JudgeTurpin"]
[Black "Hossa"]
[Result "1-0"]
[WhiteElo "2610"]
[BlackElo "2404"]
[PlyCount "219"]

1. g3 d5 2. Bg2 e5 3. c4 dxc4 4. Qa4+ Nd7 5. Qxc4 Bd6 6. d3 Nb6 7. Qc2 Nf6 8.
Nc3 O-O 9. Bd2 Qe7 10. Nf3 Bd7 11. a4 Rad8 12. O-O Nbd5 13. Nxd5 Nxd5 14. e4
Nf6 15. Be3 c5 16. h3 Kh8 17. Qc3 b6 18. a5 Bb5 19. Rfd1 Rg8 20. Ng5 Qd7 21.
Re1 Ra8 22. Qb3 Raf8 23. axb6 axb6 24. h4 h6 25. Bh3 Qe8 26. Nf3 Qc6 27. Red1
Bb8 28. Ne1 Qe8 29. Bf5 Bc7 30. Ra7 Bb8 31. Ra8 Bc6 32. Raa1 Bc7 33. Qc2 Bd8
34. Nf3 Bd7 35. Bxd7 Nxd7 36. Ra7 Qe6 37. Kg2 Nb8 38. Qc4 Nc6 39. Qxe6 fxe6 40.
Ra6 Nb4 41. Ra3 Bf6 42. Bd2 Nc2 43. Ra7 Ra8 44. Rb7 Rgb8 45. Rxb8+ Rxb8 46. g4
Nd4 47. g5 Nxf3 48. Kxf3 Be7 49. gxh6 Bxh4 50. Rh1 Bf6 51. Rg1 gxh6 52. Bxh6
Kh7 53. Be3 Rd8 54. Ke2 Rd7 55. f3 Rd6 56. Bd2 Rd7 57. Rg4 b5 58. Bc3 Rf7 59.
Be1 Bd8 60. Bg3 Bc7 61. b3 Bd6 62. Ke3 Kh6 63. Bf2 Rf4 64. Rg8 Rf8 65. Rg1 Ra8
66. Bg3 Ra3 67. Rb1 c4 68. bxc4 bxc4 69. Ke2 cxd3+ 70. Kd2 Bc7 71. Ke3 Kg6 72.
Bh4 Bd6 73. Rb5 Kg7 74. Kd2 Kg8 75. Bg3 Bc7 76. Ke3 Kf8 77. Bxe5 Bxe5 78. Rxe5
Ke7 79. f4 Kf6 80. Rg5 Kf7 81. e5 Ke7 82. Rg1 Kf7 83. Rh1 Kg6 84. Rh8 Kf7 85.
Rd8 Ra1 86. Rd7+ Kg6 87. Re7 Ra6 88. Kxd3 Kf5 89. Rf7+ Kg4 90. Rf6 Ra1 91. Kd4
Rd1+ 92. Kc5 Kf3 93. Kc6 Ke4 94. Rxe6 Rc1+ 95. Kd6 Rd1+ 96. Ke7 Kxf4 97. Rd6
Rh1 98. Kf6 Ke4 99. e6 Rf1+ 100. Kg6 Rh1 101. e7 Rg1+ 102. Kf7 Rf1+ 103. Rf6
Rc1 104. e8=Q+ Kd5 105. Qd7+ Ke5 106. Rf5+ Ke4 107. Qd5+ Ke3 108. Rf3+ Ke2 109.
Qd3+ Ke1 110. Rf1# {Hossa checkmated} 1-0

[Event "ICS rated standard match"]
[Site "207.99.83.227"]
[Date "1999.05.19"]
[Round "?"]
[White "Hossa"]
[Black "Ahmed6000"]
[Result "1-0"]
[WhiteElo "2259"]
[BlackElo "2146"]
[PlyCount "91"]

1. Nf3 Nf6 2. b3 g6 3. Bb2 Bg7 4. c4 O-O 5. g3 c6 6. Bg2 d5 7. O-O Nbd7 8. d4
Re8 9. Nbd2 h6 10. cxd5 cxd5 11. Rc1 b6 12. Ne5 Bb7 13. Nc6 Bxc6 14. Rxc6 Rc8
15. Rxc8 Qxc8 16. e4 Nxe4 17. Nxe4 dxe4 18. Bxe4 e5 19. d5 Nc5 20. Bg2 e4 21.
Bxg7 Kxg7 22. Qd4+ Kg8 23. b4 Na4 24. Re1 e3 25. Rxe3 Qc1+ 26. Bf1 Rxe3 27.
Qxe3 Qd1 28. Qe8+ Kg7 29. d6 Qxd6 30. Qxa4 Qc7 31. b5 Qe7 32. Qd4+ Kh7 33. Bc4
Qc7 34. Qf4 Qxf4 35. gxf4 Kg7 36. f5 Kf6 37. fxg6 fxg6 38. f4 Kf5 39. Bd3+ Kxf4
40. Bxg6 Kf3 41. Bh5+ Ke3 42. Kg2 Kd2 43. Kg3 Kc3 44. Kh4 Kb4 45. Be8 Ka3 46.
Kh5 {Ahmed6000 resigns} 1-0

[Event "ICS rated standard match"]
[Site "207.99.83.227"]
[Date "1999.05.19"]
[Round "?"]
[White "Ahmed6000"]
[Black "Hossa"]
[Result "0-1"]
[WhiteElo "2103"]
[BlackElo "2262"]
[PlyCount "132"]

1. e4 c5 2. Nf3 Nc6 3. d4 cxd4 4. Nxd4 Nf6 5. Nc3 e6 6. Nxc6 bxc6 7. e5 Nd5 8.
Ne4 Qc7 9. f4 Bb7 10. Be2 O-O-O 11. O-O f5 12. Nc3 Nxc3 13. bxc3 Bc5+ 14. Kh1
d6 15. exd6 Qxd6 16. Qe1 g6 17. Rb1 Rhe8 18. Qg3 e5 19. fxe5 Qxe5 20. Qxe5 Rxe5
21. Bf3 Be3 22. Re1 Rde8 23. Bxe3 Rxe3 24. Red1 Rxc3 25. Rd2 Rce3 26. h3 Re1+
27. Rxe1 Rxe1+ 28. Kh2 Rc1 29. Re2 c5 30. Bxb7+ Kxb7 31. Kg3 Kb6 32. Kf4 Ra1
33. Kg5 Rxa2 34. Kh6 Ra4 35. Kxh7 Re4 36. Rd2 Re6 37. g4 fxg4 38. hxg4 Kc6 39.
g5 c4 40. Rf2 a5 41. Rf6 Rd6 42. Kxg6 a4 43. Kg7 Rxf6 44. gxf6 a3 45. f7 a2 46.
f8=Q a1=Q+ 47. Kg6 Qe5 48. Qf3+ Kc5 49. Qa3+ Kd4 50. Qb2+ Ke4 51. Qb4 Qg3+ 52.
Kf6 Qf2+ 53. Ke6 Qxc2 54. Qe1+ Kf3 55. Qf1+ Ke3 56. Qg1+ Qf2 57. Qc1+ Kd3 58.
Qa3+ c3 59. Qa6+ Kd2 60. Qd6+ Ke1 61. Qb4 Qe3+ 62. Kf5 Ke2 63. Kg4 c2 64. Qb5+
Ke1 65. Qa5+ Qd2 66. Qe5+ 66... Qe2+ {Ahmed6000 resigns} 0-1

[Event "ICS rated standard match"]
[Site "207.99.83.227"]
[Date "1999.05.19"]
[Round "?"]
[White "Estes"]
[Black "Hossa"]
[Result "0-1"]
[WhiteElo "1897"]
[BlackElo "2265"]
[PlyCount "58"]

1. f4 d5 2. Nf3 Nf6 3. e3 Bg4 4. Be2 e6 5. O-O Bd6 6. d3 O-O 7. Qe1 Nc6 8. Nc3
Nb4 9. Bd1 c5 10. a3 Nc6 11. e4 d4 12. Ne2 Be7 13. Ng3 Nh5 14. Nxh5 Bxh5 15.
Qg3 Bg6 16. Bd2 Rb8 17. Be2 Qb6 18. Rab1 Qa6 19. Nh4 Bxe4 20. f5 Bxh4 21. Qxh4
Bxf5 22. Rf3 Qa4 23. Rg3 Qxc2 24. Rd1 Bg6 25. Bh5 Qxb2 26. Bxg6 fxg6 27. Rh3 h6
28. Bxh6 gxh6 29. Qxh6 29... Qf2+ {Estes resigns} 0-1

[Event "ICS Rated blitz match"]
[Site "207.99.83.227"]
[Date "1999.05.19"]
[Round "?"]
[White "Hossa"]
[Black "Gela"]
[Result "0-1"]
[WhiteElo "2397"]
[BlackElo "2811"]
[PlyCount "69"]

1. d4 g6 2. e4 Bg7 3. c3 d6 4. Bg5 Nf6 5. Nd2 c6 6. Be2 O-O 7. Ngf3 Nbd7 8. O-O
e5 9. Nc4 Qe7 10. dxe5 dxe5 11. Qd6 Qxd6 12. Nxd6 h6 13. Bxf6 Bxf6 14. Rad1 Nc5
15. Bc4 Be6 16. Bxe6 Nxe6 17. Nxb7 Rab8 18. Rd7 Rfc8 19. Rfd1 Rc7 20. Rxc7 Nxc7
21. Na5 Rxb2 22. Nxc6 Rxa2 23. Ncxe5 a5 24. c4 a4 25. c5 a3 26. c6 Rb2 27. Nd7
Bc3 28. e5 a2 29. Nf6+ Kg7 30. Ne4 Rb1 31. Nxc3 Rxd1+ 32. Nxd1 a1=Q 33. h4
Qxd1+ 34. Kh2 Qd5 35. Kg3 {Hossa resigns} 0-1

[Event "ICS rated standard match"]
[Site "207.99.83.227"]
[Date "1999.05.19"]
[Round "?"]
[White "Hossa"]
[Black "boti"]
[Result "1-0"]
[WhiteElo "2268"]
[BlackElo "2335"]
[PlyCount "51"]

1. Nf3 d6 2. d4 g6 3. e4 Bg7 4. Nc3 a6 5. Bg5 h6 6. Be3 b5 7. Qd2 Bb7 8. Bd3
Nd7 9. O-O c5 10. dxc5 Nxc5 11. Bd4 Bxd4 12. Nxd4 Nf6 13. Rae1 Kf8 14. b4 Ncd7
15. a4 bxa4 16. Nxa4 Kg7 17. c4 Nb6 18. Nc3 Rc8 19. Qe2 Nxc4 20. Bxc4 Qc7 21.
Bd5 Qxc3 22. Bxb7 Rc7 23. e5 dxe5 24. Qxe5 Rd8 25. Re3 Qxb4 26. Qxc7 {
boti resigns} 1-0

[Event "ICS rated blitz match"]
[Site "207.99.83.227"]
[Date "1999.05.19"]
[Round "?"]
[White "Hiede"]
[Black "Hossa"]
[Result "0-1"]
[WhiteElo "2023"]
[BlackElo "2378"]
[PlyCount "22"]

1. e4 c5 2. Nf3 Nc6 3. d4 cxd4 4. Nxd4 Nf6 5. Nc3 e6 6. Ndb5 Bb4 7. a3 Bxc3+ 8.
Nxc3 d5 9. exd5 exd5 10. Bb5 d4 11. Ne2 11... Qa5+ {Hiede resigns} 0-1

[Event "ICS rated blitz match"]
[Site "207.99.83.227"]
[Date "1999.05.19"]
[Round "?"]
[White "Hossa"]
[Black "sixtyfifth"]
[Result "1-0"]
[WhiteElo "2393"]
[BlackElo "2097"]
[PlyCount "49"]

1. c4 Nf6 2. d4 c5 3. e3 g6 4. Be2 Bg7 5. Nf3 O-O 6. O-O d6 7. Nc3 a6 8. dxc5
dxc5 9. e4 Nc6 10. Bg5 Bg4 11. Qb3 Bxf3 12. Bxf3 Nd4 13. Qxb7 Nxf3+ 14. gxf3
Rb8 15. Qxa6 Rxb2 16. Rfd1 Qb8 17. Na4 Rc2 18. Nxc5 Rc8 19. Bxf6 Rxc5 20. Bxe7
Rc8 21. Rac1 Rxc1 22. Rxc1 Bd4 23. Rd1 Qe5 24. Qxc8+ Kg7 25. Qf8# {
sixtyfifth checkmated} 1-0

[Event "ICS rated blitz match"]
[Site "207.99.83.227"]
[Date "1999.05.19"]
[Round "?"]
[White "Hossa"]
[Black "MarkOrr"]
[Result "1-0"]
[WhiteElo "2420"]
[BlackElo "2022"]
[PlyCount "77"]

1. d4 d6 2. Nf3 Nd7 3. e4 e5 4. Bd3 Ngf6 5. O-O Be7 6. Nc3 O-O 7. Bg5 c6 8.
dxe5 dxe5 9. Qe1 h6 10. Bd2 Qc7 11. Rd1 Re8 12. a4 Nf8 13. Ne2 Ne6 14. Ba5 b6
15. Bc3 Nd7 16. b3 a6 17. a5 b5 18. Ng3 c5 19. Nf5 Bb7 20. Nxe7+ Rxe7 21. Bd2
Nd4 22. Nxd4 cxd4 23. f4 f6 24. fxe5 Nxe5 25. Bb4 Re6 26. Qg3 Rae8 27. Rf2 Qc6
28. Rdf1 Nf7 29. Qg6 Ne5 30. Qh5 Nf7 31. h4 Nd6 32. Bxd6 Qxd6 33. Qg6 Rf8 34.
e5 Rxe5 35. Qh7+ Kf7 36. Rxf6+ Qxf6 37. Rxf6+ Kxf6 38. Qg6+ Ke7 39. Qxg7+ {
MarkOrr resigns} 1-0

[Event "ICS rated standard match"]
[Site "207.99.83.227"]
[Date "1999.05.19"]
[Round "?"]
[White "Kind-Bishop"]
[Black "Hossa"]
[Result "0-1"]
[WhiteElo "2024"]
[BlackElo "2276"]
[PlyCount "50"]

1. e4 e5 2. Nf3 d5 3. Nxe5 dxe4 4. Bc4 Nh6 5. Qe2 f6 6. Qh5+ g6 7. Nxg6 hxg6 8.
Qxg6+ Kd7 9. O-O c6 10. Qxe4 Kc7 11. d4 Bd6 12. Bxh6 Rxh6 13. g3 f5 14. Qg2 f4
15. Nd2 Bh3 16. Qf3 Bxf1 17. Nxf1 Qf6 18. c3 fxg3 19. Qxf6 gxh2+ 20. Kh1 Rxf6
21. Nxh2 Rh6 22. Kg2 Rxh2+ 23. Kf3 Nd7 24. Rf1 Rf8+ 25. Ke2 25... Bg3 {
Kind-Bishop resigns} 0-1

[Event "ICS rated blitz match"]
[Site "207.99.83.227"]
[Date "1999.05.19"]
[Round "?"]
[White "Eza"]
[Black "Hossa"]
[Result "1-0"]
[WhiteElo "2523"]
[BlackElo "2423"]
[PlyCount "120"]

1. d4 d5 2. c4 e6 3. Nc3 c5 4. cxd5 exd5 5. Nf3 Nc6 6. g3 Nf6 7. Bg2 Be7 8. O-O
O-O 9. Bg5 cxd4 10. Nxd4 h6 11. Be3 Re8 12. Qb3 Na5 13. Qc2 Nc4 14. Bf4 Bg4 15.
h3 Qb6 16. Na4 Qxd4 17. Rfd1 Na3 18. bxa3 Bf5 19. Qxf5 Qxa4 20. Bxd5 Nxd5 21.
Rxd5 Bf6 22. Rb1 Rxe2 23. Rxb7 Qxa3 24. Qh5 Re7 25. Rxe7 Qxe7 26. Qf5 g6 27.
Qd3 Kg7 28. Be3 h5 29. Rd7 Qe6 30. Bxa7 Qxa2 31. Bd4 Qe6 32. Rc7 Rd8 33. Bxf6+
Qxf6 34. Qe2 Qf5 35. Kg2 Rg8 36. Qf3 Qxf3+ 37. Kxf3 Kf6 38. Rc6+ Ke5 39. Rc5+
Kd4 40. Rc7 f5 41. Kf4 Kd5 42. Rb7 Kc6 43. Rf7 Kd5 44. Rf6 Rh8 45. h4 Rg8 46.
Kg5 Ke4 47. Rxg6 Rf8 48. Rf6 Rh8 49. Kg6 Rc8 50. Kxh5 Ke5 51. Kg5 Rg8+ 52. Rg6
Rd8 53. h5 Re8 54. h6 Ke4 55. h7 Rh8 56. Kh6 Rd8 57. Rg8 Rd1 58. h8=Q Rd5 59.
Qc3 Rd6+ 60. Kg5 60... Rd4 {Hossa resigns} 1-0

[Event "ICS rated standard match"]
[Site "207.99.83.227"]
[Date "1999.05.19"]
[Round "?"]
[White "SocialDisorder"]
[Black "Hossa"]
[Result "0-1"]
[WhiteElo "1975"]
[BlackElo "2282"]
[PlyCount "30"]

1. d4 Nf6 2. c4 e6 3. Nc3 Bb4 4. e3 Ne4 5. Nge2 Qh4 6. g3 Qf6 7. f4 O-O 8. Bg2
d5 9. cxd5 exd5 10. Bxe4 dxe4 11. a3 Bxc3+ 12. Nxc3 Re8 13. Qc2 Qa6 14. Nxe4
Qg6 15. Qxc7 15... Qxe4 {SocialDisorder resigns} 0-1